000 00877nam a2200121Ia 4500
008 220620s9999||||xx |||||||||||||| ||und||
100 _aCostanza, Robert||Alperovitz, Gar||Daly, Herman||Farley, Joshua||Franco, Carol||Jackson, Tim||Kubiszewski, Ida||Schor, Juliet||Victor, Peter
245 0 _aBuilding a Sustainable and Desirable Economy-in-Society-in-Nature
_bReport to the United Nations for the 2012 Rio+20 Conference
546 _aEnglish[eng]
650 _aenvironmental policy||economic development--environmental aspects||Ecosystem||Ecosystem services||Gross domestic product||Natural capital||Quality of life||Social capital||Well-being
856 _uhttps://library.oapen.org/bitstream/20.500.12657/33515/1/462196.pdf||https://library.oapen.org/bitstream/20.500.12657/33515/1/462196.pdf||https://library.oapen.org/bitstream/20.500.12657/33515/1/462196.pdf
942 _cEB
999 _c24465
_d24465